Statistics for Every Time Norway Have Finished 1st In Vinter-Olympics

Click here to take the quiz!

General Stats

  • This quiz has been taken 27 times
  • The average score is 7 of 9

Answer Stats

Host Nation City Gold Silver Bronze Medals total Year % Correct
South KoreaPyeongchang141411392018
100%
RussiaSotsji11510262014
100%
U.S.Salt Lake City1357252002
92%
Nazi GermanyGarmisch-Partenkirchen753151936
77%
SwitzerlandSt. Moritz433101948
77%
NorwayOslo736161952
77%
FranceGrenoble662141968
77%
FranceChamonics476171924
73%
SwitzerlandSt. Mortiz645151928
73%

Score Distribution

Percentile by Number Answered

Percent of People with Each Score

Your Score History

You have not taken this quiz